000 00505nam a2200193 4500
003 DO-SdBNP
005 20220712094653.0
007 ta
008 210806b2014 dr a|||| |||| 00| 0 spa
040 _aDO-SdBNP
_bspa
_cBNPHU
082 4 _222
245 _aDon Pedro Mir :
_bcuando la poesía se hace voz de un pueblo
250 _a2a ed.
260 _aSanto Domingo :
_bBanreservas,
_c2014.
300 _a67 p. :
_c17 cm.
590 _aInventariado, 2022/BT
910 _aBtavárez
942 _2ddc
_cLBS1
999 _c50194
_d50194